| 000 | 00888nam a2200193Ii 4500 | ||
|---|---|---|---|
| 003 | JO-AjNU | ||
| 008 | 230605s9999||||xx |||||||||||||| ||und|| | ||
| 040 |
_aJO-AjNU _bara _erda _cJO-AjNU |
||
| 041 | _aara | ||
| 050 | 1 | 4 | _aKRM500.S26.1968 |
| 100 | 3 |
_aتأليف السنهوري، عبد الرزاق بن أحمد, _eauthor _946966 |
|
| 245 | 0 | 0 | _aالوسيط في شرح القانون المدني: أسباب كسب الملكية مع الحقوق العينية الأصلية المتفرعة عن الملكية (حق الانتفاع وحق الارتفاق) |
| 264 | 3 | 1 | _aالقاهرة: دار النهضة العربية،1968 |
| 300 | _aج9، 1471ص | ||
| 336 |
_atext _btxt _2rdacontent |
||
| 337 |
_aunmediated _bn _2rdamedia |
||
| 338 |
_avolume _bnc _2rdacarrier |
||
| 650 | 4 |
_a القانون المدني -- مصر -- قوانين وتشريعات -- مصر _946967 |
|
| 999 |
_aA20470 _c24038 _d24038 |
||